000 00322 a2200133 4500
001 92071
082 _b297.352 NAS
090 _c44031
_d44030
100 _aNaseem Ahmad Bin Haji Karam deen
245 _aBaitullah Kaaba Sharif
260 _aLahore
_bAl Faisal
_c2013
300 _a256p.
_bHb
500 _aGeneral Book
942 _aCAE NUST
_k297.352 NAS
999 _c327144
_d327144